Droit civil : Les personnes

Uloženo v:
Podrobná bibliografie
Hlavní autor: Teyssié, Bernard
Médium: Kniha
Jazyk:Undetermined
Vydáno: Paris Litec 1995
Témata:
Tagy: Přidat tag
Žádné tagy, Buďte první, kdo otaguje tento záznam!
Thư viện lưu trữ: Trung tâm Học liệu Trường Đại học Cần Thơ
LEADER 00499nam a2200193Ia 4500
001 CTU_42751
008 210402s9999 xx 000 0 und d
082 |a 346.4012 
082 |b T356 
100 |a Teyssié, Bernard 
245 0 |a Droit civil : 
245 0 |b Les personnes 
245 0 |c Bernard Teyssié 
260 |a Paris 
260 |b Litec 
260 |c 1995 
650 |a Civil law (French law) 
904 |i Minh, Giang sửa 
980 |a Trung tâm Học liệu Trường Đại học Cần Thơ